Normal view MARC view
  • Aga Khan Cultural Service Pakistan

Entry Corporate Name

Number of records used in: 1

001 - CONTROL NUMBER

  • control field: 125051

003 - CONTROL NUMBER IDENTIFIER

  • control field: NUST

005 - DATE AND TIME OF LATEST TRANSACTION

  • control field: 20240807145229.0

008 - FIXED-LENGTH DATA ELEMENTS

  • fixed length control field: 240807|| aca||aabn | a|a d

040 ## - CATALOGING SOURCE

  • Original cataloging agency: NUST
  • Transcribing agency: NUST

110 ## - HEADING--CORPORATE NAME

  • Corporate name or jurisdiction name as entry element: Aga Khan Cultural Service Pakistan

670 ## - SOURCE DATA FOUND

  • Source citation: Work cat.: (NUST)353683: Aga Khan Cultural Service Pakistan, Ganish Village: , 2002
© 2023 Central Library, National University of Sciences and Technology. All Rights Reserved.